000 01026nam a2200265Ia 4500
003 OSt
005 20220923211246.0
006 a|||||r|||| 00| 0
007 ta
008 220922b |||||||| |||| 00| 0 hin d
020 _a9788178541969 (hbk)
_c850
024 _a260,237
037 _b243, 01/10/2011, Eastern Book Linkers
_cTextual
040 _aARTS
_cARTS
_bhin
041 _2hin
_ahin
082 _aO15,1A1:g(Y15), 152Q1
100 _aकुजूर, स्कॉलस्टिका
245 0 _aरामायणकालीन नारी
_b एक अनुशीलन
246 _aRāmāyaṇakālīn nārī: ek anushīlana
260 _aदिल्ली
_b ईस्टर्न बुक लिंकर्स
_c2011
300 _a354पृ.
_ccm.
650 _aसंस्कृत साहित्य
942 _hO15,1A1:g(Y15), 152Q1
_cTEXL
_2CC
999 _c297807
_d297807